| 000 | 00358pam a2200157a 44500 | ||
|---|---|---|---|
| 008 | 230515b1991 xxu||||| |||| 00| 0 eng d | ||
| 020 | _aNULL | ||
| 041 | _aENGLISH | ||
| 082 | _aN.D. | ||
| 100 | _aRoddy Coolen | ||
| 245 | _aElectronics communications | ||
| 250 | _a0 | ||
| 260 |
_aNULL _bPrentice Hall of India _c1991 |
||
| 300 | _a788 | ||
| 650 | _aNULL | ||
| 999 |
_c574246 _d574246 |
||